Представление документа в формате MARC21

Поле Инд. ПП Название Значение
Тип записи a
Библиографический уровень m
001 Контрольный номер 61f5dce7-e3f3-4fd3-bbee-aa4e34de1b6c
005 Дата корректировки 20140226113451.1
008 Кодируемые данные 960429 d
020 a ISBN 5-02-029722-4
c Цена, тираж 32-00
080 a Индекс УДК 531.36
084 a Индекс другой классификации/Индекс ББК В213.1
090 c Каталожный индекс В213.1
x Авторский знак Р17
a Полочн. индекс В213.1
245 a Заглавие Развитие и применение метода функций Ляпунова
b Продолж. заглавия Сб.науч.тр.
c Ответственность Рос. Акад. наук. Сиб. отд-ние. Иркут. ВЦ; Отв. ред. В.М. Матросов, Н.А. Каратуева
c Ответственность СО РАН
c Ответственность Иркут. ВЦ СО РАН
260 0_ a Место издания Новосибирск
c Дата издания 1992
300 a Объем 287,[1] с.
b Иллюстрации/ тип воспроизводства ил.
500 a Примечание Библиогр. в конце ст. - Реф.: с.282-288.
650 a Основная рубрика Движение
x Основная подрубрика Устойчивость
650 a Основная рубрика Динамика
650 a Основная рубрика Механика теоретическая
653 a Ключевые слова Ляпунова теория устойчивости
a Ключевые слова Устойчивость по Ляпунову
a Ключевые слова Функции Ляпунова
a Ключевые слова Устойчивость движения
700 1_ a Другие авторы Матросов В М
e Роль лиц отв. ред.
700 1_ a Другие авторы Каратуева Н А
e Роль лиц отв. ред.
852 t Порядковый номер экземпляра 1
p Инвентарный номер 635291
999 a Подразделение 2 кх.